Faire de l´histoire. / (Record no. 160365)

MARC details
000 -LEADER
fixed length control field 00635nam a22002057a 4500
005 - DATE AND TIME OF LATEST TRANSACTION
control field 20220601100137.0
008 - FIXED-LENGTH DATA ELEMENTS--GENERAL INFORMATION
fixed length control field 220214b fr ||||| |||| 00| 0 fre d
050 04 - LIBRARY OF CONGRESS CALL NUMBER
Classification number D16
Item number F37 1974
245 ## - TITLE STATEMENT
Title Faire de l´histoire. /
Statement of responsibility, etc sous la dir. Jacques Le Goff et Pierre Nora.
250 ## - EDITION STATEMENT
Edition statement 1a ed.
260 ## - PUBLICATION, DISTRIBUTION, ETC. (IMPRINT)
Place of publication, distribution, etc Francia :
Name of publisher, distributor, etc Gallimard,
Date of publication, distribution, etc 1974
300 ## - PHYSICAL DESCRIPTION
Extent 3v. ;
Dimensions 23 cm.
490 #0 - SERIES STATEMENT
Series statement Bibliothéque des Histoires;
505 0# - FORMATTED CONTENTS NOTE
Title v.1. Nouveaux problemes
505 0# - FORMATTED CONTENTS NOTE
Title v.2. Nouvelles approches
505 0# - FORMATTED CONTENTS NOTE
Title v.3. Nouveaux objets
650 #4 - SUBJECT ADDED ENTRY--TOPICAL TERM
Topical term or geographic name as entry element Historia
General subdivision Metodología
700 1# - ADDED ENTRY--PERSONAL NAME
Personal name Le Goff, Jacques
Relator term editor
942 ## - ADDED ENTRY ELEMENTS (KOHA)
Source of classification or shelving scheme Biblioteca del Cogreso de los Estados Unidos
Koha item type Libro
Holdings
Estado de pérdida Fuente de clasificación Estado del daño No para préstamo Ubicación permanente Ubicación actual Apartado o colección Fecha de adquisición Fuente de adquisición Edición Dependencia de educación superior (DES) Área del conocimiento Total Checkouts Clasificación Código de Barras Date last seen Número de copia Costo por reposición Tipo de recurso
  Biblioteca del Cogreso de los Estados Unidos   Consulta Biblioteca de la Facultad de Filosofía Biblioteca de la Facultad de Filosofía Fondo "Luis Villoro" 14/02/2022 Donación 1a ed. Humanidades Educación y Humanidades   D16 F37 1974 BFF000036098 14/02/2022 V:1 C:1 1.00 Libro
  Biblioteca del Cogreso de los Estados Unidos   Consulta Biblioteca de la Facultad de Filosofía Biblioteca de la Facultad de Filosofía Fondo "Luis Villoro" 14/02/2022 Donación 1a ed. Humanidades Educación y Humanidades   D16 F37 1974 BFF000036099 14/02/2022 V:2 C:1 1.00 Libro
  Biblioteca del Cogreso de los Estados Unidos   Consulta Biblioteca de la Facultad de Filosofía Biblioteca de la Facultad de Filosofía Fondo "Luis Villoro" 14/02/2022 Donación 1a ed. Humanidades Educación y Humanidades   D16 F37 1974 BFF000036100 14/02/2022 V:3 C:1 1.00 Libro